[Event "Calvia Amateur op 19th"]
[Site "Calvia"]
[Date "2022.10.15"]
[Round "8"]
[White "Moore, Graham J"]
[Black "Hurtado Bahamonde, Matias"]
[Result "1-0"]
[WhiteElo "2218"]
[BlackElo "1990"]
[PlyCount "87"]
[EventDate "2022.10.08"]
[EventType "swiss"]
[EventRounds "9"]
[EventCountry "ESP"]
[SourceTitle "CBM 210 Extra"]
[Source "ChessBase"]
[SourceDate "2022.11.30"]
[SourceVersion "1"]
[SourceVersionDate "2022.11.30"]
[SourceQuality "1"]

1. e4 c5 2. Nf3 e6 3. d4 cxd4 4. Nxd4 Qb6 5. Nb3 a6 6. Nc3 Qc7 7. Qe2 d6 8. Bf4 Nd7 9. 0-0-0 Ngf6 10. g4 h5 11. g5 Ng4 12. h3 Nge5 13. Bh2 b5 14. f4 Nc4 15. Nd4 Ndb6 16. g6 fxg6 17. Rg1 Rh6 18. f5 e5 19. Ne6 Bxe6 20. fxe6 Qc5 21. Qf3 Qe3+ 22. Qxe3 Nxe3 23. Re1 Nxf1 24. Rgxf1 g5 25. Bg1 b4 26. Nd5 Nxd5 27. exd5 Rf6 28. Be3 Be7 29. Bd2 a5 30. a3 bxa3 31. bxa3 Rc8 32. Be3 Rxf1 33. Rxf1 Rc3 34. Kd2 Rc8 35. Rf7 Bf6 36. Rd7 g4 37. hxg4 h4 38. g5 Be7 39. Rb7 h3 40. Rb1 Rc4 41. Rb8+ Bd8 42. Bb6 h2 43. Bxd8 Rd4+ 44. Kc3 1-0

[Event "Rio Grande op 18th"]
[Site "Rio Grande"]
[Date "2018.07.08"]
[Round "6"]
[White "Hurtado Bahamonde, Matias"]
[Black "Torres, Federico"]
[Result "0-1"]
[WhiteElo "1981"]
[BlackElo "2181"]
[PlyCount "46"]
[EventDate "2018.07.05"]
[EventType "swiss"]
[EventRounds "7"]
[EventCountry "ARG"]
[SourceTitle "EXT 2019"]
[Source "ChessBase"]
[SourceDate "2018.10.10"]
[SourceVersion "1"]
[SourceVersionDate "2018.10.10"]
[SourceQuality "1"]

1. e4 e5 2. Nf3 d6 3. Bc4 Nf6 4. Ng5 d5 5. exd5 h6 6. Nf3 e4 7. Qe2 Bb4 8. Nd4 0-0 9. 0-0 c6 10. dxc6 Qxd4 11. c3 Qd6 12. cxb4 Nxc6 13. Nc3 Nd4 14. Qe3 Nc2 15. Nxe4 Nxe4 16. Qxe4 Nxa1 17. b3 Qf6 18. Qb1 Bf5 19. d3 Rad8 20. Rd1 Rfe8 21. Bb2 Qg6 22. Qxa1 Bh3 23. g3 Qc6 0-1

[Event "Rio Grande op 18th"]
[Site "Rio Grande"]
[Date "2018.07.07"]
[Round "5"]
[White "Aguilar, Andres"]
[Black "Hurtado Bahamonde, Matias"]
[Result "1/2-1/2"]
[WhiteElo "2285"]
[BlackElo "1981"]
[PlyCount "88"]
[EventDate "2018.07.05"]
[EventType "swiss"]
[EventRounds "7"]
[EventCountry "ARG"]
[SourceTitle "EXT 2019"]
[Source "ChessBase"]
[SourceDate "2018.10.10"]
[SourceVersion "1"]
[SourceVersionDate "2018.10.10"]
[SourceQuality "1"]

1. c4 g5 2. d4 Bg7 3. Nc3 c5 4. d5 h6 5. g3 d6 6. Bg2 f5 7. e4 Nf6 8. h4 g4 9. Nge2 Nh5 10. Qc2 0-0 11. Nf4 Nxf4 12. Bxf4 Nd7 13. h5 Ne5 14. Bxe5 Bxe5 15. exf5 Bxf5 16. Be4 Qd7 17. Rh4 Kh8 18. Qd2 Bxc3 19. Qxc3+ Rf6 20. Bxf5 Qxf5 21. 0-0-0 Rg8 22. Rd2 Rg7 23. Re2 b5 24. a3 Qg5+ 25. Kb1 Rf3 26. Qc2 bxc4 27. Qxc4 Qf5+ 28. Ka2 Rd3 29. Re4 Qxd5 30. Rhxg4 Qxc4+ 31. Rxc4 Rf3 32. Rgf4 Rf7 33. Rxf7 Rxf7 34. f4 Kg7 35. Re4 Kf6 36. b4 cxb4 37. axb4 Kf5 38. Re3 Kg4 39. Ra3 e6 40. Rd3 Rd7 41. Re3 Re7 42. Rd3 Rd7 43. Re3 Re7 44. Rd3 Rd7 1/2-1/2

[Event "Rio Grande op 18th"]
[Site "Rio Grande"]
[Date "2018.07.05"]
[Round "2"]
[White "Hurtado Bahamonde, Matias"]
[Black "Borbea, Santiago"]
[Result "1-0"]
[WhiteElo "1981"]
[BlackElo "1344"]
[PlyCount "39"]
[EventDate "2018.07.05"]
[EventType "swiss"]
[EventRounds "7"]
[EventCountry "ARG"]
[SourceTitle "EXT 2019"]
[Source "ChessBase"]
[SourceDate "2018.10.10"]
[SourceVersion "1"]
[SourceVersionDate "2018.10.10"]
[SourceQuality "1"]

1. e4 e5 2. Nf3 d6 3. Bc4 Nc6 4. c3 Nf6 5. Ng5 d5 6. exd5 Na5 7. Qa4+ c6 8. dxc6 Nxc6 9. Nxf7 Qd7 10. Nxh8 Nd5 11. Bxd5 Qxd5 12. 0-0 Bd7 13. Qh4 Qg8 14. d4 Be7 15. Bg5 Bxg5 16. Qxg5 Qxh8 17. d5 h6 18. Qg6+ Ke7 19. dxc6 Bxc6 20. Re1 1-0

[Event "Pan American-ch U2000"]
[Site "Carilo Village"]
[Date "2016.10.29"]
[Round "8"]
[White "Lujan, Nelson"]
[Black "Hurtado Bahamonde, Matias"]
[Result "1/2-1/2"]
[WhiteElo "1962"]
[BlackElo "1981"]
[PlyCount "36"]
[EventDate "2016.10.25"]
[EventType "swiss"]
[EventRounds "9"]
[EventCountry "ARG"]
[SourceTitle "EXT 2022"]
[Source "ChessBase"]
[SourceDate "2021.10.06"]
[SourceVersion "1"]
[SourceVersionDate "2021.10.06"]
[SourceQuality "1"]

1. d4 d5 2. Bf4 Nf6 3. h3 Bf5 4. Nf3 e6 5. e3 Be7 6. Nbd2 0-0 7. g4 Bg6 8. Ne5 Nfd7 9. Nxg6 hxg6 10. Bd3 c5 11. c3 Nc6 12. Nf3 cxd4 13. exd4 Qb6 14. Qe2 Rfe8 15. Ne5 Ndxe5 16. dxe5 d4 17. 0-0 dxc3 18. bxc3 Qa5 1/2-1/2

[Event "Pan American-ch U2000"]
[Site "Carilo Village"]
[Date "2016.10.27"]
[Round "4"]
[White "Coelho, Tatiane Cristina"]
[Black "Hurtado Bahamonde, Matias"]
[Result "0-1"]
[WhiteElo "1748"]
[BlackElo "1981"]
[PlyCount "80"]
[EventDate "2016.10.25"]
[EventType "swiss"]
[EventRounds "9"]
[EventCountry "ARG"]
[SourceTitle "EXT 2022"]
[Source "ChessBase"]
[SourceDate "2021.10.06"]
[SourceVersion "1"]
[SourceVersionDate "2021.10.06"]
[SourceQuality "1"]

1. e4 c5 2. Nc3 a6 3. f4 b5 4. Nf3 Bb7 5. d3 g6 6. Be2 Bg7 7. e5 Nh6 8. 0-0 0-0 9. Qe1 Nf5 10. Nh4 Nd4 11. Bd1 d6 12. Ne4 dxe5 13. fxe5 Ne6 14. Nf3 Nc6 15. Kh1 Qc7 16. Neg5 Nxg5 17. Bxg5 Nxe5 18. Qg3 f6 19. Bf4 Qb6 20. Bxe5 fxe5 21. Rb1 e4 22. dxe4 Bxe4 23. Re1 Bd5 24. b3 Qd6 25. Qg5 Bf6 26. Qe3 Qc6 27. Be2 b4 28. Red1 Rad8 29. h4 Bg7 30. Re1 Qf6 31. Qg5 Qc6 32. Qxe7 Rde8 33. Qg5 Rf5 34. Qg3 Bc3 35. Bd3 Bxe1 36. Rxe1 Rxe1+ 37. Nxe1 Rf6 38. h5 Bf7 39. hxg6 Bxg6 40. Kg1 Kg7 0-1

[Event "Pan American-ch U2000"]
[Site "Carilo Village"]
[Date "2016.10.25"]
[Round "1"]
[White "Hurtado Bahamonde, Matias"]
[Black "Croes, Octavio"]
[Result "1/2-1/2"]
[WhiteElo "1981"]
[BlackElo "1850"]
[PlyCount "69"]
[EventDate "2016.10.25"]
[EventType "swiss"]
[EventRounds "9"]
[EventCountry "ARG"]
[SourceTitle "EXT 2022"]
[Source "ChessBase"]
[SourceDate "2021.10.06"]
[SourceVersion "1"]
[SourceVersionDate "2021.10.06"]
[SourceQuality "1"]

1. e4 c5 2. Nf3 d6 3. d4 cxd4 4. Nxd4 Nf6 5. Nc3 a6 6. Bc4 e5 7. Nde2 Nc6 8. 0-0 Be7 9. Bg5 Na5 10. Bxf6 Bxf6 11. Bd5 Be6 12. Kh1 0-0 13. Qd3 Qc7 14. Rad1 Rad8 15. Qg3 Nc4 16. h4 h5 17. f4 Bg4 18. Bxc4 Qxc4 19. b3 Qc5 20. f5 Bxe2 21. Nxe2 Qxc2 22. Nc3 Rc8 23. Nd5 Kh7 24. Qf3 Kh6 25. Nxf6 gxf6 26. Rxd6 Rc6 27. Qe3+ Kh7 28. Rxc6 Qxc6 29. Rc1 Qd6 30. Qc5 Qd2 31. Qxf8 Qxc1+ 32. Kh2 Qf4+ 33. Kg1 Qe3+ 34. Kh2 Qf4+ 35. Kg1 1/2-1/2

[Event "Pan American Amateur-ch"]
[Site "Curitiba"]
[Date "2015.12.16"]
[Round "2"]
[White "Lopes, Rafael"]
[Black "Hurtado Bahamonde, Matias"]
[Result "0-1"]
[WhiteElo "1799"]
[BlackElo "1932"]
[PlyCount "48"]
[EventDate "2015.12.16"]
[EventType "swiss"]
[EventRounds "9"]
[EventCountry "BRA"]
[SourceTitle "CBM 170 Extra"]
[Source "ChessBase"]
[SourceDate "2016.02.25"]
[SourceVersion "1"]
[SourceVersionDate "2016.02.25"]
[SourceQuality "1"]

1. e4 c5 2. Nc3 e6 3. f4 a6 4. Nf3 Qc7 5. d3 d6 6. Be2 Be7 7. 0-0 Nf6 8. Qe1 0-0 9. Qg3 Kh8 10. Nh4 Nc6 11. Bd1 b5 12. f5 exf5 13. Nxf5 Bxf5 14. Rxf5 Nd4 15. Rf2 b4 16. Ne2 Nxe2+ 17. Bxe2 Nd7 18. Bf4 Ne5 19. Raf1 Ng6 20. Bg5 Bxg5 21. Qxg5 Ne5 22. c3 Qa5 23. d4 cxd4 24. cxd4 Nf3+ 0-1

[Event "Pan American-ch U20"]
[Site "Montevideo"]
[Date "2009.10.12"]
[Round "9"]
[White "Hurtado Bahamonde, Matias"]
[Black "Silveira, Shubert"]
[Result "0-1"]
[WhiteElo "1920"]
[BlackElo "2065"]
[PlyCount "52"]
[EventDate "2009.10.06"]
[EventType "swiss"]
[EventRounds "9"]
[EventCountry "URU"]
[SourceTitle "CBM 132 Extra"]
[Source "ChessBase"]
[SourceDate "2009.11.03"]
[SourceVersion "1"]
[SourceVersionDate "2009.11.03"]
[SourceQuality "1"]

1. e4 c5 2. Nf3 d6 3. d4 cxd4 4. Nxd4 Nf6 5. Nc3 a6 6. Be3 e6 7. g4 Be7 8. g5 Nfd7 9. f4 Nc6 10. Nf3 Qc7 11. Qd2 b5 12. a3 Bb7 13. Qf2 Rc8 14. Bd3 b4 15. axb4 Nxb4 16. 0-0 Nc5 17. Qe2 0-0 18. Nd2 d5 19. exd5 Ncxd3 20. cxd3 exd5 21. Nb3 Rfe8 22. Qd2 d4 23. Bxd4 Qd7 24. Ne4 Qd5 25. Qd1 Nc2 26. Qh5 Nxd4 0-1

[Event "Pan American-ch U20"]
[Site "Montevideo"]
[Date "2009.10.10"]
[Round "7"]
[White "Ibanez Iglesias, Rodrigo"]
[Black "Hurtado Bahamonde, Matias"]
[Result "1/2-1/2"]
[WhiteElo "1934"]
[BlackElo "1920"]
[PlyCount "55"]
[EventDate "2009.10.06"]
[EventType "swiss"]
[EventRounds "9"]
[EventCountry "URU"]
[SourceTitle "CBM 132 Extra"]
[Source "ChessBase"]
[SourceDate "2009.11.03"]
[SourceVersion "1"]
[SourceVersionDate "2009.11.03"]
[SourceQuality "1"]

1. e4 c5 2. Nf3 e6 3. d4 cxd4 4. Nxd4 a6 5. Nc3 Qc7 6. Be2 Nf6 7. 0-0 b5 8. f3 Bb7 9. Be3 Nc6 10. Kh1 Rc8 11. Nb3 d6 12. a3 Be7 13. Qe1 0-0 14. Rd1 Rfd8 15. Qf2 Qb8 16. Bb6 Rd7 17. Rd2 Bd8 18. Be3 Bc7 19. Rfd1 h6 20. Qh4 Ne5 21. Bd4 Ng6 22. Qf2 Nh5 23. Bf1 Rcd8 24. Be3 Nf6 25. Bd4 Nh5 26. Be3 Nf6 27. Bd4 Nh5 28. Be3 1/2-1/2

[Event "Pan American-ch U20"]
[Site "Montevideo"]
[Date "2009.10.08"]
[Round "4"]
[White "Hurtado Bahamonde, Matias"]
[Black "Mamani, Joan Franco"]
[Result "0-1"]
[WhiteElo "1920"]
[BlackElo "2060"]
[PlyCount "104"]
[EventDate "2009.10.06"]
[EventType "swiss"]
[EventRounds "9"]
[EventCountry "URU"]
[SourceTitle "CBM 132 Extra"]
[Source "ChessBase"]
[SourceDate "2009.11.03"]
[SourceVersion "1"]
[SourceVersionDate "2009.11.03"]
[SourceQuality "1"]

1. e4 Nc6 2. Nf3 e5 3. Bc4 g6 4. c3 Bg7 5. 0-0 Qe7 6. d4 Nf6 7. Re1 0-0 8. Na3 d6 9. h3 a6 10. Nc2 Nd8 11. Bd2 b5 12. Bd3 Bb7 13. Nh2 Ne6 14. d5 Nc5 15. Bg5 h6 16. Bxf6 Bxf6 17. Ne3 Bg7 18. g4 Qh4 19. Kg2 Rae8 20. Bc2 Bc8 21. b4 Nd7 22. a4 Nb6 23. axb5 axb5 24. Bd3 Bd7 25. Qe2 Nc4 26. Nxc4 bxc4 27. Bxc4 f5 28. f3 fxg4 29. hxg4 h5 30. Bb5 Bxb5 31. Qxb5 Bh6 32. Rh1 Bf4 33. Nf1 Qg5 34. Qe2 Re7 35. Ng3 Ref7 36. Nxh5 gxh5 37. Rxh5 Qg6 38. Rah1 Bg5 39. R5h3 Qf6 40. c4 Kg7 41. c5 Rb8 42. Qc4 Kg6 43. b5 Qf4 44. Rd1 Qe3 45. cxd6 cxd6 46. Qf1 Rc7 47. Rd3 Rc2+ 48. Kh1 Qc5 49. Rd1 Rxb5 50. Qd3 Rbb2 51. f4 Bxf4 52. Rh8 Rh2+ 0-1